[Event "Portugal Open Semirrapidas"]
[Site "Lisboa POR"]
[Date "2020.02.02"]
[Round "6.27"]
[White "REGO, Pedro"]
[Black "TAYLOR, Robert Graham"]
[Result "1-0"]
[BlackElo "1907"]
[WhiteElo "2195"]
[LiveChessVersion "1.4.8"]

1. e4 {[%clk 0:15:07]} c5 {[%clk 0:15:08]} 2. Nf3 {[%clk 0:15:11]} e6
{[%clk 0:15:09]} 3. d4 {[%clk 0:15:09]} cxd4 {[%clk 0:15:11]} 4. Nxd4
{[%clk 0:15:12]} Nc6 {[%clk 0:15:10]} 5. Nc3 {[%clk 0:15:11]} Qc7
{[%clk 0:15:06]} 6. Be3 {[%clk 0:15:06]} a6 {[%clk 0:14:53]} 7. Nxc6
{[%clk 0:15:08]} bxc6 {[%clk 0:14:47]} 8. Bd3 {[%clk 0:14:46]} Nf6
{[%clk 0:13:50]} 9. O-O {[%clk 0:14:45]} Be7 {[%clk 0:13:29]} 10. f4
{[%clk 0:14:48]} d6 {[%clk 0:13:27]} 11. Qf3 {[%clk 0:14:47]} O-O
{[%clk 0:12:51]} 12. Rae1 {[%clk 0:14:50]} Bd7 {[%clk 0:11:37]} 13. Qg3
{[%clk 0:14:42]} g6 {[%clk 0:09:01]} 14. f5 {[%clk 0:14:18]} e5 {[%clk 0:08:14]}
15. Bg5 {[%clk 0:13:59]} Nh5 {[%clk 0:06:29]} 16. Qh4 {[%clk 0:14:02]} Bxg5
{[%clk 0:06:32]} 17. Qxg5 {[%clk 0:14:06]} f6 {[%clk 0:05:34]} 18. Qh6
{[%clk 0:14:08]} Be8 {[%clk 0:05:14]} 19. fxg6 {[%clk 0:14:10]} Bxg6
{[%clk 0:05:00]} 20. Bc4+ {[%clk 0:13:51]} Kh8 {[%clk 0:04:56]} 21. Re3
{[%clk 0:13:30]} Qg7 {[%clk 0:04:45]} 22. Qxg7+ {[%clk 0:13:34]} Nxg7
{[%clk 0:04:34]} 23. Rd1 {[%clk 0:13:35]} Rfd8 {[%clk 0:04:10]} 24. Rf3
{[%clk 0:13:31]} f5 {[%clk 0:03:52]} 25. Rfd3 {[%clk 0:13:18]} Ne8
{[%clk 0:03:31]} 26. exf5 {[%clk 0:12:13]} Bxf5 {[%clk 0:03:34]} 27. Rf3
{[%clk 0:12:17]} Ng7 {[%clk 0:03:04]} 28. Bd3 {[%clk 0:12:03]} Bxd3
{[%clk 0:02:58]} 29. cxd3 {[%clk 0:12:07]} Rab8 {[%clk 0:02:50]} 30. b3
{[%clk 0:12:09]} Rb4 {[%clk 0:02:48]} 31. Rdf1 {[%clk 0:12:04]} Ne6
{[%clk 0:02:43]} 32. Ne4 {[%clk 0:12:06]} d5 {[%clk 0:02:38]} 33. Nf6
{[%clk 0:11:38]} Rf4 {[%clk 0:02:16]} 34. g3 {[%clk 0:11:09]} Rxf3
{[%clk 0:02:17]} 35. Rxf3 {[%clk 0:11:13]} Rf8 {[%clk 0:02:16]} 36. Kg2
{[%clk 0:11:07]} Nd4 {[%clk 0:02:07]} 37. Rf2 {[%clk 0:11:06]} Ne6
{[%clk 0:01:44]} 38. Nd7 {[%clk 0:11:01]} Rxf2+ {[%clk 0:01:39]} 39. Kxf2
{[%clk 0:11:05]} e4 {[%clk 0:01:40]} 40. dxe4 {[%clk 0:11:08]} dxe4
{[%clk 0:01:43]} 41. Ke3 {[%clk 0:11:05]} Kg7 {[%clk 0:01:38]} 42. Kxe4
{[%clk 0:11:04]} Kg6 {[%clk 0:01:35]} 43. Ne5+ {[%clk 0:11:04]} Kf6
{[%clk 0:01:36]} 44. Nxc6 {[%clk 0:11:04]} Ng5+ {[%clk 0:01:38]} 45. Kf4
{[%clk 0:10:57]} Ne6+ {[%clk 0:01:41]} 46. Ke3 {[%clk 0:10:56]} h5
{[%clk 0:01:40]} 47. Nb8 {[%clk 0:10:53]} a5 {[%clk 0:01:44]} 48. Nc6
{[%clk 0:10:55]} a4 {[%clk 0:01:46]} 49. bxa4 {[%clk 0:10:57]} Nc5
{[%clk 0:01:49]} 50. a5 {[%clk 0:10:09]} Kg5 {[%clk 0:01:50]} 51. Ne5
{[%clk 0:09:55]} h4 {[%clk 0:01:52]} 52. gxh4+ {[%clk 0:09:54]} Kxh4
{[%clk 0:01:56]} 53. Kd4 {[%clk 0:09:57]} Na6 {[%clk 0:01:55]} 1-0

[Event "Portugal Open Semirrapidas"]
[Site "Lisboa POR"]
[Date "2020.02.02"]
[Round "6.28"]
[White "DIOGO, Pedro"]
[Black "CAMBANDO, Jose"]
[Result "0-1"]
[BlackElo "2110"]
[WhiteElo "1814"]
[LiveChessVersion "1.4.8"]

1. e4 {[%clk 0:15:07]} c5 {[%clk 0:15:08]} 2. c3 {[%clk 0:15:10]} e6
{[%clk 0:14:51]} 3. d4 {[%clk 0:15:11]} d5 {[%clk 0:14:54]} 4. exd5
{[%clk 0:15:06]} exd5 {[%clk 0:14:57]} 5. Nf3 {[%clk 0:14:57]} Nc6
{[%clk 0:14:59]} 6. Bb5 {[%clk 0:14:23]} Nf6 {[%clk 0:14:59]} 7. O-O
{[%clk 0:14:16]} Be7 {[%clk 0:15:03]} 8. Ne5 {[%clk 0:13:02]} Bd7
{[%clk 0:14:54]} 9. Nxd7 {[%clk 0:12:54]} Qxd7 {[%clk 0:14:56]} 10. dxc5
{[%clk 0:12:52]} Bxc5 {[%clk 0:14:49]} 11. Re1+ {[%clk 0:12:51]} Be7
{[%clk 0:14:17]} 12. Bg5 {[%clk 0:11:15]} O-O {[%clk 0:14:17]} 13. Nd2
{[%clk 0:10:54]} a6 {[%clk 0:14:21]} 14. Bxc6 {[%clk 0:10:46]} bxc6
{[%clk 0:14:24]} 15. Nb3 {[%clk 0:10:39]} Rab8 {[%clk 0:13:58]} 16. Rb1
{[%clk 0:10:19]} h6 {[%clk 0:13:59]} 17. Bh4 {[%clk 0:10:11]} Rfe8
{[%clk 0:13:58]} 18. Qd3 {[%clk 0:09:42]} Ra8 {[%clk 0:14:01]} 19. Nd4
{[%clk 0:09:35]} Ne4 {[%clk 0:13:54]} 20. Bxe7 {[%clk 0:09:11]} Rxe7
{[%clk 0:13:57]} 21. f3 {[%clk 0:08:57]} Nc5 {[%clk 0:13:39]} 22. Qd2
{[%clk 0:08:06]} Rae8 {[%clk 0:13:30]} 23. Rxe7 {[%clk 0:06:47]} Rxe7
{[%clk 0:13:28]} 24. b4 {[%clk 0:06:26]} Na4 {[%clk 0:13:24]} 25. Re1
{[%clk 0:06:03]} c5 {[%clk 0:11:54]} 26. Nb3 {[%clk 0:05:22]} cxb4
{[%clk 0:11:42]} 27. cxb4 {[%clk 0:05:20]} Nb6 {[%clk 0:11:08]} 28. Nc5
{[%clk 0:03:50]} Rxe1+ {[%clk 0:11:08]} 29. Qxe1 {[%clk 0:03:54]} Qb5
{[%clk 0:11:12]} 30. Nb3 {[%clk 0:03:24]} Qc4 {[%clk 0:11:08]} 31. h3
{[%clk 0:02:50]} Nd7 {[%clk 0:09:40]} 32. Qe8+ {[%clk 0:02:01]} Nf8
{[%clk 0:09:43]} 33. Qd8 {[%clk 0:01:50]} h5 {[%clk 0:09:00]} 34. Nc5
{[%clk 0:01:24]} Qxa2 {[%clk 0:08:42]} 35. Nd7 {[%clk 0:01:15]} Qb1+
{[%clk 0:08:25]} 36. Kh2 {[%clk 0:01:06]} Qxb4 {[%clk 0:08:28]} 37. Nxf8
{[%clk 0:01:08]} Qxf8 {[%clk 0:08:31]} 38. Qxd5 {[%clk 0:01:12]} Qb8+
{[%clk 0:08:30]} 39. Kh1 {[%clk 0:00:45]} Qb1+ {[%clk 0:08:28]} 40. Kh2
{[%clk 0:00:48]} Qg6 41. Qd8+ {[%clk 0:00:38]} Kh7 {[%clk 0:08:35]} 42. Qd4
{[%clk 0:00:41]} Qf5 {[%clk 0:08:32]} 43. h4 {[%clk 0:00:38]} a5 {[%clk 0:08:36]}
44. g4 {[%clk 0:00:37]} Qxf3 {[%clk 0:08:26]} 45. g5 {[%clk 0:00:14]} Qg4
{[%clk 0:08:19]} 46. Qd3+ {[%clk 0:00:08]} g6 {[%clk 0:08:23]} 47. Qd2
{[%clk 0:00:10]} Qxh4+ {[%clk 0:08:23]} 48. Kg2 {[%clk 0:00:14]} a4
{[%clk 0:08:20]} 49. Qd5 {[%clk 0:00:13]} Qg4+ {[%clk 0:08:18]} 50. Kh2
{[%clk 0:00:13]} Qf4+ {[%clk 0:08:18]} 51. Kg2 {[%clk 0:00:16]} a3
{[%clk 0:08:21]} 0-1

[Event "Portugal Open Semirrapidas"]
[Site "Lisboa POR"]
[Date "2020.02.02"]
[Round "6.29"]
[White "CARNEIRO, Carlos"]
[Black "MORAIS, Vitor"]
[Result "0-1"]
[BlackElo "1883"]
[WhiteElo "2106"]
[LiveChessVersion "1.4.8"]

1. d4 {[%clk 0:15:05]} Nf6 {[%clk 0:15:14]} 2. c4 {[%clk 0:15:08]} e5
{[%clk 0:15:18]} 3. dxe5 {[%clk 0:15:08]} Ng4 {[%clk 0:15:21]} 4. e4
{[%clk 0:15:11]} Nxe5 5. a3 {[%clk 0:15:12]} a5 {[%clk 0:15:29]} 6. f4
{[%clk 0:15:14]} Nec6 {[%clk 0:15:33]} 7. Be3 {[%clk 0:15:15]} Na6
{[%clk 0:15:37]} 8. Nf3 {[%clk 0:15:09]} Bc5 {[%clk 0:15:41]} 9. Qd2
{[%clk 0:15:13]} O-O {[%clk 0:15:41]} 10. Nc3 {[%clk 0:15:16]} Re8
{[%clk 0:15:45]} 11. Bd3 {[%clk 0:15:17]} d6 {[%clk 0:15:47]} 12. O-O
{[%clk 0:15:10]} f5 {[%clk 0:15:50]} 13. Rae1 {[%clk 0:14:05]} fxe4
{[%clk 0:15:50]} 14. Bxe4 {[%clk 0:14:03]} Bxe3+ {[%clk 0:15:49]} 15. Rxe3
{[%clk 0:13:52]} Nc5 {[%clk 0:15:54]} 16. Bd5+ {[%clk 0:13:07]} Be6
{[%clk 0:15:31]} 17. Rxe6 {[%clk 0:12:26]} Nxe6 {[%clk 0:15:25]} 18. f5
{[%clk 0:12:29]} Qf6 {[%clk 0:15:12]} 19. fxe6 {[%clk 0:12:23]} Ne7
{[%clk 0:15:13]} 20. Ne4 {[%clk 0:11:49]} Qg6 {[%clk 0:15:03]} 21. Nc3
{[%clk 0:07:25]} c6 {[%clk 0:15:05]} 22. Be4 {[%clk 0:07:29]} Qxe6
{[%clk 0:15:08]} 23. Bxh7+ {[%clk 0:07:24]} Kh8 {[%clk 0:15:12]} 24. Ng5
{[%clk 0:06:57]} Qxc4 {[%clk 0:14:51]} 25. Bd3 {[%clk 0:06:17]} Qc5+
{[%clk 0:13:59]} 26. Kh1 {[%clk 0:06:20]} Rf8 {[%clk 0:14:02]} 27. Rxf8+
{[%clk 0:05:42]} Rxf8 {[%clk 0:14:05]} 28. Ne6 {[%clk 0:05:42]} Qf2
{[%clk 0:13:42]} 29. Nxf8 {[%clk 0:05:39]} Qxd2 {[%clk 0:13:37]} 0-1

[Event "Portugal Open Semirrapidas"]
[Site "Lisboa POR"]
[Date "2020.02.02"]
[Round "6.30"]
[White "FERNANDES, Alberto"]
[Black "ANTONIO, Luis"]
[Result "1-0"]
[BlackElo "1826"]
[WhiteElo "2082"]
[LiveChessVersion "1.4.8"]

1. e4 {[%clk 0:15:07]} c5 {[%clk 0:15:08]} 2. Nf3 {[%clk 0:15:10]} Nc6
{[%clk 0:15:12]} 3. d4 {[%clk 0:15:14]} cxd4 {[%clk 0:15:15]} 4. Nxd4
{[%clk 0:15:17]} g6 {[%clk 0:15:19]} 5. Nc3 {[%clk 0:15:09]} Bg7 {[%clk 0:15:21]}
6. Be3 {[%clk 0:15:13]} Nf6 {[%clk 0:15:24]} 7. Bc4 {[%clk 0:14:46]} Qa5
{[%clk 0:15:27]} 8. Qd2 {[%clk 0:13:17]} O-O {[%clk 0:15:14]} 9. f3
{[%clk 0:13:14]} Qb4 {[%clk 0:13:25]} 10. Nxc6 {[%clk 0:12:14]} dxc6
{[%clk 0:12:52]} 11. Bb3 {[%clk 0:12:16]} e5 {[%clk 0:12:54]} 12. O-O-O
{[%clk 0:11:36]} a5 {[%clk 0:12:57]} 13. a3 {[%clk 0:11:01]} Qe7 {[%clk 0:12:54]}
14. Qd6 {[%clk 0:10:32]} Bd7 {[%clk 0:11:51]} 15. Qxe7 {[%clk 0:10:33]} 1-0

[Event "Portugal Open Semirrapidas"]
[Site "Lisboa POR"]
[Date "2020.02.02"]
[Round "6.31"]
[White "COUNHAGO, Edgar"]
[Black "LEAO, Tiago"]
[Result "0-1"]
[BlackElo "2050"]
[WhiteElo "1793"]
[LiveChessVersion "1.4.8"]

1. d4 {[%clk 0:15:08]} Nf6 {[%clk 0:15:04]} 2. c4 {[%clk 0:15:11]} e6
{[%clk 0:14:51]} 3. Nc3 {[%clk 0:15:14]} d5 {[%clk 0:14:56]} 4. cxd5
{[%clk 0:15:15]} exd5 {[%clk 0:14:55]} 5. Nf3 {[%clk 0:15:13]} c6
{[%clk 0:14:56]} 6. Bg5 {[%clk 0:14:19]} Be7 {[%clk 0:14:46]} 7. e3
{[%clk 0:14:04]} Bf5 {[%clk 0:14:26]} 8. Bd3 {[%clk 0:14:04]} Ne4
{[%clk 0:13:16]} 9. Bxe4 {[%clk 0:13:44]} dxe4 {[%clk 0:12:34]} 10. Bxe7
{[%clk 0:13:39]} Qxe7 {[%clk 0:12:38]} 11. Nd2 {[%clk 0:13:39]} Nd7
{[%clk 0:10:50]} 12. g4 {[%clk 0:13:15]} Bg6 {[%clk 0:10:47]} 13. h4
{[%clk 0:13:13]} h5 {[%clk 0:10:11]} 14. g5 {[%clk 0:13:03]} f5 {[%clk 0:07:21]}
15. Qb3 {[%clk 0:12:30]} Nb6 {[%clk 0:07:01]} 16. O-O-O {[%clk 0:12:09]} Bf7
{[%clk 0:06:54]} 17. Qc2 {[%clk 0:11:04]} g6 {[%clk 0:06:57]} 18. Kb1
{[%clk 0:10:39]} O-O-O {[%clk 0:06:44]} 19. Na4 {[%clk 0:09:52]} Qb4
{[%clk 0:05:17]} 20. Nxb6+ {[%clk 0:09:27]} axb6 {[%clk 0:04:47]} 21. a3
{[%clk 0:09:06]} Qb5 {[%clk 0:04:38]} 22. Rhe1 {[%clk 0:07:57]} Kc7
{[%clk 0:04:20]} 23. Rc1 {[%clk 0:08:00]} Ra8 {[%clk 0:04:01]} 24. Nc4
{[%clk 0:07:35]} Bxc4 {[%clk 0:02:42]} 25. Qxc4 {[%clk 0:07:37]} Qxc4
{[%clk 0:02:42]} 26. Rxc4 {[%clk 0:07:41]} Kd6 {[%clk 0:02:29]} 27. Rc3
{[%clk 0:06:36]} Rhf8 {[%clk 0:01:55]} 28. f3 {[%clk 0:06:01]} exf3
{[%clk 0:01:53]} 29. Rf1 {[%clk 0:06:04]} Rae8 {[%clk 0:01:54]} 30. Rxf3
{[%clk 0:06:04]} Re4 {[%clk 0:01:58]} 31. Rf4 {[%clk 0:05:51]} Rfe8
{[%clk 0:01:57]} 32. Rc2 {[%clk 0:04:37]} Rxe3 {[%clk 0:01:38]} 33. Rcf2
{[%clk 0:04:26]} R8e4 {[%clk 0:01:36]} 34. Kc2 {[%clk 0:04:24]} Rxf4
{[%clk 0:01:35]} 35. Rxf4 {[%clk 0:04:26]} Re4 {[%clk 0:01:29]} 36. Rf2
{[%clk 0:04:19]} Rxh4 {[%clk 0:01:27]} 37. Kc3 {[%clk 0:04:20]} Kd5
{[%clk 0:01:28]} 38. Re2 {[%clk 0:04:08]} Re4 {[%clk 0:01:32]} 39. Rd2
{[%clk 0:04:02]} h4 {[%clk 0:01:28]} 40. b3 {[%clk 0:04:04]} f4 {[%clk 0:01:08]}
41. a4 {[%clk 0:04:08]} f3 {[%clk 0:01:10]} 42. b4 {[%clk 0:03:57]} Re2
{[%clk 0:00:59]} 43. Rd3 {[%clk 0:03:32]} f2 {[%clk 0:01:01]} 44. Rf3
{[%clk 0:03:36]} Re3+ {[%clk 0:01:02]} 45. Rxe3 {[%clk 0:03:27]} f1=Q
{[%clk 0:01:05]} 46. Re5+ {[%clk 0:03:11]} Kd6 {[%clk 0:01:09]} 47. a5
{[%clk 0:03:07]} b5 {[%clk 0:01:04]} 48. Re8 {[%clk 0:02:59]} Qc4+
{[%clk 0:01:06]} 0-1

[Event "Portugal Open Semirrapidas"]
[Site "Lisboa POR"]
[Date "2020.02.02"]
[Round "6.32"]
[White "FERNANDES, Joao Pedro"]
[Black "SANTOS, Pedro Rosa"]
[Result "1-0"]
[BlackElo "1817"]
[WhiteElo "2021"]
[LiveChessVersion "1.4.8"]

1. e4 {[%clk 0:15:08]} d5 {[%clk 0:15:09]} 2. exd5 {[%clk 0:15:11]} c6
{[%clk 0:15:14]} 3. dxc6 {[%clk 0:15:13]} Nxc6 {[%clk 0:15:18]} 4. Nf3
{[%clk 0:15:10]} Bg4 {[%clk 0:15:21]} 5. d3 {[%clk 0:15:04]} Nf6 {[%clk 0:15:24]}
6. Nc3 {[%clk 0:15:06]} e6 {[%clk 0:15:28]} 7. Be2 {[%clk 0:15:08]} Be7
{[%clk 0:15:31]} 8. O-O {[%clk 0:15:08]} O-O {[%clk 0:15:34]} 9. h3
{[%clk 0:14:45]} Bh5 {[%clk 0:15:38]} 10. Bf4 {[%clk 0:14:46]} Qb6
{[%clk 0:15:40]} 11. Qd2 {[%clk 0:14:36]} Rfd8 {[%clk 0:15:29]} 12. Rfe1
{[%clk 0:13:46]} Rac8 {[%clk 0:14:51]} 13. Rab1 {[%clk 0:12:51]} a6
{[%clk 0:13:56]} 14. Na4 {[%clk 0:12:28]} Qb5 {[%clk 0:11:58]} 15. b3
{[%clk 0:11:58]} Bxf3 {[%clk 0:11:11]} 16. Bxf3 {[%clk 0:11:27]} Nd4
{[%clk 0:11:06]} 17. Bd1 {[%clk 0:10:53]} Qc6 {[%clk 0:10:18]} 18. c3
{[%clk 0:10:05]} b5 {[%clk 0:08:54]} 19. cxd4 {[%clk 0:09:47]} bxa4
{[%clk 0:08:58]} 20. Bf3 {[%clk 0:09:31]} Qd7 {[%clk 0:08:32]} 21. bxa4
{[%clk 0:08:50]} Nd5 {[%clk 0:07:13]} 22. Bg5 {[%clk 0:07:48]} Qxa4
{[%clk 0:06:32]} 23. Bxd5 {[%clk 0:06:33]} Bxg5 {[%clk 0:06:36]} 24. Qxg5
{[%clk 0:06:22]} Rxd5 {[%clk 0:06:38]} 25. Qe7 {[%clk 0:06:04]} Qxd4
{[%clk 0:05:58]} 26. Rxe6 {[%clk 0:05:19]} Rf8 {[%clk 0:03:00]} 27. Rb8
{[%clk 0:04:14]} Rdd8 {[%clk 0:02:05]} 28. Rxd8 {[%clk 0:04:07]} Qxd8
{[%clk 0:02:08]} 29. Qxd8 {[%clk 0:04:08]} Rxd8 {[%clk 0:02:12]} 30. Rxa6
{[%clk 0:04:10]} g6 {[%clk 0:01:54]} 31. Ra3 {[%clk 0:04:13]} Rc8
{[%clk 0:01:50]} 32. Kf1 {[%clk 0:04:09]} Rc2 {[%clk 0:01:49]} 33. d4
{[%clk 0:03:41]} Kf8 {[%clk 0:01:43]} 34. d5 {[%clk 0:03:20]} Ke7
{[%clk 0:01:34]} 35. Ra7+ {[%clk 0:03:10]} Kf6 {[%clk 0:01:37]} 36. d6
{[%clk 0:02:59]} Rd2 {[%clk 0:00:45]} 37. d7 {[%clk 0:02:59]} Ke7
{[%clk 0:00:45]} 38. a4 {[%clk 0:02:40]} Kd8 {[%clk 0:00:25]} 39. Ke1
{[%clk 0:02:22]} Ra2 {[%clk 0:00:28]} 40. g3 {[%clk 0:01:33]} h5 {[%clk 0:00:24]}
41. Kf1 {[%clk 0:01:31]} Ke7 {[%clk 0:00:14]} 42. d8=Q+ {[%clk 0:01:00]} Kxd8
{[%clk 0:00:17]} 43. Rxf7 {[%clk 0:01:03]} Rxa4 {[%clk 0:00:21]} 44. Rf6
{[%clk 0:01:05]} g5 {[%clk 0:00:22]} 45. Rf5 {[%clk 0:01:02]} g4 {[%clk 0:00:24]}
46. Rxh5 {[%clk 0:01:01]} gxh3 {[%clk 0:00:26]} 47. Rxh3 {[%clk 0:01:05]} Ke7
{[%clk 0:00:30]} 48. Kg2 {[%clk 0:01:07]} Kf6 {[%clk 0:00:35]} 49. Rh5
{[%clk 0:01:10]} Kg6 {[%clk 0:00:39]} 50. Rb5 {[%clk 0:01:13]} Ra2
{[%clk 0:00:42]} 51. g4 {[%clk 0:01:15]} Ra3 {[%clk 0:00:45]} 52. f3
{[%clk 0:01:18]} Kf6 {[%clk 0:00:47]} 53. Kg3 {[%clk 0:01:21]} Ra1
{[%clk 0:00:51]} 54. Rb6+ {[%clk 0:01:20]} Kg7 {[%clk 0:00:54]} 55. g5
{[%clk 0:01:16]} Kf7 {[%clk 0:00:53]} 56. f4 {[%clk 0:01:10]} Kg7
{[%clk 0:00:52]} 57. Kg4 {[%clk 0:01:11]} Rg1+ {[%clk 0:00:47]} 58. Kf5
{[%clk 0:01:14]} Rc1 {[%clk 0:00:43]} 59. Rb7+ {[%clk 0:01:17]} Kf8
{[%clk 0:00:47]} 60. g6 {[%clk 0:01:14]} Rc5+ {[%clk 0:00:47]} 61. Kf6
{[%clk 0:01:11]} Rc6+ {[%clk 0:00:52]} 62. Kg5 {[%clk 0:01:14]} Kg8
{[%clk 0:00:43]} 63. f5 {[%clk 0:01:14]} Rc1 {[%clk 0:00:46]} 64. Rb8+
{[%clk 0:01:11]} 1-0

[Event "Portugal Open Semirrapidas"]
[Site "Lisboa POR"]
[Date "2020.02.02"]
[Round "6.33"]
[White "CARDOSO, Miguel Sanchez"]
[Black "TIERES, Cristiano"]
[Result "0-1"]
[BlackElo "2021"]
[WhiteElo "1781"]
[LiveChessVersion "1.4.8"]

1. d4 {[%clk 0:15:00]} Nf6 {[%clk 0:15:09]} 2. Nf3 {[%clk 0:15:03]} g6
{[%clk 0:15:14]} 3. e3 {[%clk 0:15:06]} Bg7 {[%clk 0:15:18]} 4. Bd3
{[%clk 0:15:10]} O-O {[%clk 0:15:21]} 5. O-O {[%clk 0:15:13]} d6 {[%clk 0:15:25]}
6. b3 {[%clk 0:15:11]} Nbd7 {[%clk 0:15:28]} 7. Bb2 {[%clk 0:15:14]} c6
{[%clk 0:15:31]} 8. c4 {[%clk 0:15:13]} Qc7 {[%clk 0:15:35]} 9. Nbd2
{[%clk 0:15:15]} Re8 {[%clk 0:15:37]} 10. Rc1 {[%clk 0:15:16]} e5
{[%clk 0:15:41]} 11. Qc2 {[%clk 0:14:56]} c5 {[%clk 0:15:01]} 12. Rfe1
{[%clk 0:13:54]} b6 {[%clk 0:15:00]} 13. d5 {[%clk 0:13:08]} h6 {[%clk 0:14:56]}
14. e4 {[%clk 0:13:05]} Rf8 {[%clk 0:15:02]} 15. a4 {[%clk 0:12:49]} Nh5
{[%clk 0:14:55]} 16. Nh4 {[%clk 0:12:12]} Nf4 {[%clk 0:14:41]} 17. Bf1
{[%clk 0:11:21]} Nf6 {[%clk 0:14:14]} 18. h3 {[%clk 0:10:19]} Qe7
{[%clk 0:14:17]} 19. Nhf3 {[%clk 0:10:14]} Nh7 {[%clk 0:14:03]} 20. Kh2
{[%clk 0:10:15]} f5 {[%clk 0:13:23]} 21. g3 {[%clk 0:10:18]} Nh5 {[%clk 0:12:51]}
22. Nh4 {[%clk 0:10:09]} Qf7 {[%clk 0:11:51]} 23. exf5 {[%clk 0:08:57]} gxf5
{[%clk 0:11:47]} 24. Be2 {[%clk 0:08:55]} Ng5 {[%clk 0:11:24]} 25. Ndf3
{[%clk 0:08:33]} f4 {[%clk 0:11:05]} 26. g4 {[%clk 0:06:50]} Nf6 {[%clk 0:05:42]}
27. Nxg5 {[%clk 0:05:57]} hxg5 {[%clk 0:05:46]} 28. Nf5 {[%clk 0:05:59]} Bxf5
{[%clk 0:05:38]} 29. Qxf5 {[%clk 0:06:01]} e4 {[%clk 0:05:01]} 30. Qxg5
{[%clk 0:05:37]} f3 {[%clk 0:05:05]} 31. Bf1 {[%clk 0:04:44]} Rfe8
{[%clk 0:05:08]} 32. Re3 {[%clk 0:03:59]} Re7 {[%clk 0:05:03]} 33. Rce1
{[%clk 0:04:03]} Rae8 {[%clk 0:05:07]} 34. h4 {[%clk 0:03:35]} a5
{[%clk 0:05:09]} 35. h5 {[%clk 0:03:35]} Kf8 {[%clk 0:04:53]} 36. Bh3
{[%clk 0:02:57]} Bh8 {[%clk 0:04:50]} 37. Qf5 {[%clk 0:02:31]} Bg7
{[%clk 0:03:51]} 38. Bxf6 {[%clk 0:02:22]} Qxf6 {[%clk 0:03:51]} 39. Qxf6+
{[%clk 0:02:20]} Bxf6 {[%clk 0:03:55]} 40. Kg3 {[%clk 0:02:09]} Bg5
{[%clk 0:02:50]} 41. Bf1 {[%clk 0:02:00]} Kf7 {[%clk 0:02:45]} 42. Bh3
{[%clk 0:02:00]} Kf6 43. Bf1 {[%clk 0:02:03]} Bh6 {[%clk 0:02:46]} 44. Kh4
{[%clk 0:01:57]} Bf4 45. Bh3 {[%clk 0:01:49]} Bg5+ {[%clk 0:01:59]} 46. Kg3
{[%clk 0:01:52]} Bh6 {[%clk 0:01:41]} 47. Bf1 {[%clk 0:01:53]} Re5
{[%clk 0:01:07]} 48. Bh3 {[%clk 0:01:54]} Kg5 {[%clk 0:01:09]} 49. Bf1
{[%clk 0:01:54]} Bg7 {[%clk 0:01:12]} 50. Rd1 {[%clk 0:01:19]} R5e7
{[%clk 0:01:15]} 51. Rde1 {[%clk 0:01:12]} Be5+ {[%clk 0:01:18]} 52. Kh3
{[%clk 0:01:15]} Bf4 {[%clk 0:01:13]} 53. Rc3 {[%clk 0:01:12]} e3
{[%clk 0:01:08]} 54. fxe3 {[%clk 0:01:10]} Bxe3 {[%clk 0:01:11]} 55. Bd3
{[%clk 0:00:42]} Kf4 {[%clk 0:01:08]} 56. Bf5 {[%clk 0:00:42]} f2
{[%clk 0:01:03]} 57. Rf1 {[%clk 0:00:39]} Bd4 {[%clk 0:00:58]} 58. Rd3
{[%clk 0:00:19]} Re3+ {[%clk 0:00:58]} 59. Kg2 {[%clk 0:00:16]} Rxd3
{[%clk 0:00:52]} 60. Bxd3 {[%clk 0:00:20]} Re3 {[%clk 0:00:57]} 61. Bc2
{[%clk 0:00:21]} Rg3+ {[%clk 0:00:59]} 62. Kh2 {[%clk 0:00:22]} Kxg4
{[%clk 0:00:51]} 63. Bd1+ {[%clk 0:00:23]} Kh4 {[%clk 0:00:55]} 64. Be2
{[%clk 0:00:19]} Rg1 {[%clk 0:00:55]} 65. Bd3 {[%clk 0:00:20]} Be5#
{[%clk 0:00:56]} 0-1

[Event "Portugal Open Semirrapidas"]
[Site "Lisboa POR"]
[Date "2020.02.02"]
[Round "6.34"]
[White "FERNANDES, Ricardo Paulos"]
[Black "BABO, Miguel"]
[Result "1-0"]
[BlackElo "1804"]
[WhiteElo "2011"]
[LiveChessVersion "1.4.8"]

1. b3 {[%clk 0:15:09]} Nc6 {[%clk 0:14:13]} 2. Bb2 {[%clk 0:15:13]} e5
{[%clk 0:14:15]} 3. e3 {[%clk 0:15:17]} d6 {[%clk 0:14:18]} 4. Bb5
{[%clk 0:15:21]} Bd7 {[%clk 0:14:22]} 5. Ne2 {[%clk 0:15:23]} g6 {[%clk 0:14:26]}
6. O-O Bg7 7. f4 {[%clk 0:15:25]} Nh6 {[%clk 0:14:11]} 8. fxe5 {[%clk 0:15:27]}
Nxe5 {[%clk 0:13:54]} 9. Bxd7+ {[%clk 0:15:27]} Qxd7 {[%clk 0:13:52]} 10. Nbc3
{[%clk 0:15:30]} O-O {[%clk 0:13:41]} 11. Nf4 {[%clk 0:15:33]} Nf5
{[%clk 0:13:01]} 12. e4 {[%clk 0:15:19]} Ne7 {[%clk 0:12:49]} 13. Kh1
{[%clk 0:15:19]} c6 {[%clk 0:12:05]} 14. Qe1 {[%clk 0:11:23]} Qg4
{[%clk 0:11:09]} 15. Ba3 {[%clk 0:09:06]} Qd7 {[%clk 0:10:50]} 16. d4
{[%clk 0:08:47]} Ng4 {[%clk 0:10:48]} 17. h3 {[%clk 0:08:44]} Nh6
{[%clk 0:10:39]} 18. Rd1 {[%clk 0:07:11]} Qc7 {[%clk 0:10:03]} 19. Bb2
{[%clk 0:04:20]} g5 {[%clk 0:09:07]} 20. Nh5 {[%clk 0:04:18]} f5 {[%clk 0:09:01]}
21. Nxg7 {[%clk 0:04:22]} Kxg7 {[%clk 0:09:00]} 22. d5 {[%clk 0:04:14]} Kg8
{[%clk 0:08:53]} 23. e5 {[%clk 0:04:18]} Nxd5 {[%clk 0:08:26]} 24. Rxd5
{[%clk 0:03:57]} cxd5 {[%clk 0:07:52]} 25. e6 {[%clk 0:03:51]} Rae8
{[%clk 0:05:21]} 26. Nxd5 {[%clk 0:03:45]} Qc6 {[%clk 0:04:47]} 27. c4
{[%clk 0:03:41]} f4 {[%clk 0:04:43]} 28. Qc3 {[%clk 0:03:24]} 1-0